00785nam a2200217Ia 4500003000900000008004100009040001600050080001800066100002000084245018700104260003600291300001700327490005100344650004100395650002200436650001800458650001600476650002600492700002600518700002300544IN-BaIIA211028s9999 xx 000 0 eng d cIIA Library a084.4:52bWIN aWing, Robert F. 0aAtlas of high resolution IUE spectra of late-type stars 2500-3230 AngstromcRobert F. Wing, Kenneth G. Carpenter and Glenn M. Wahlgren  aOhiobPerkins Observatoryc1983 axxvii, 107p. aPerkins Observatory special publication; no. 1 aAstronomy and Astrophysics Thesaurus aAtlas-IUE spectra aAtlas-Spectra aAtlas-Stars aLate type stars atlas aCarpenter, Kenneth G. aWahlgren, Glenn M.